All 32 NHL Teams and their stadiums - Statistics

General Stats
  • This quiz has been taken 20 times
  • The average score is 10 of 32
Answer Stats
Hint Answer % Correct
3 Boston Bruins, TD Garden
58%
31 Washington Capitals, Capital One Arena
58%
1 Anaheim Ducks, Honda Center
50%
10 Dallas Stars, American Airlines Center
50%
14 Los Angeles Kings, Crypto.com Arena
50%
25 Seattle Kraken, Climate Pledge Arena
50%
29 Vancouver Canucks, Rogers Arena
50%
7 Chicago Blackhawks, United Center
42%
11 Detroit Red Wings, Little Caesars Arena
42%
24 San Jose Sharks, SAP Center
42%
28 Toronto Maple Leafs, Scotiabank Arena
42%
30 Vegas Golden Knights, T-Mobile Arena
42%
5 Calgary Flames, Scotiabank Saddledome
33%
8 Colorado Avalanche, Ball Arena
33%
18 New Jersey Devils, Prudential Center
33%
20 New York Rangers, Madison Square Garden
33%
23 Pittsburgh Penguins, PPG Paints Arena
33%
27 Tampa Bay Lightning, Amalie Arena
33%
2 Arizona Coyotes, Mullet Arena
25%
4 Buffalo Sabres, Key Bank Center
25%
12 Edmonton Oilers, Rogers Center
25%
13 Florida Panthers, Amerant Bank Arena
25%
17 Nashville Predators, Bridgestone Arena
25%
19 New York Islanders, UBS Arena
25%
6 Carolina Hurricanes, PNC Arena
17%
16 Montreal Canadians, Bell Centre
17%
26 St. Louis Blues, Enterprise Center
17%
32 Winnipeg Jets, Canada Life Center
17%
9 Columbus Blue Jackets, Nationwide Arena
8%
15 Minnesota Wild, Excel Energy Center
8%
21 Ottawa Senators, Bell Tire Center
8%
22 Philadelphia Fliers, Wells Fargo Center
8%
No matching quizzes found
Score Distribution
Percent of People with Each Score
Percentile by Number Answered
Your Score History
You have not taken this quiz